000 01041nam a22003131i 4500
999 _c1199
_d1199
001 016745619
003 Uk
005 20220809093249.0
008 161118s2014 enka 000|0|eng|d
015 _aGBB6K8659
_2bnb
016 7 _a016745619
_2Uk
020 _a9781472355317 (hardback) :
040 _aStDuBDS
_beng
_cStDuBDS
_erda
_dKH8
042 _aukblsr
082 0 4 _a940.30222 HAM
_223
100 1 _aHamilton, R.
_q(Robert),
_eauthor.
245 1 4 _aThe history of World War I in photographs /
_cR. Hamilton ; photographs by the Daily Mail.
250 _a100th anniversary commemorative edition.
264 1 _aBath :
_bParragon,
_c2014.
300 _a256 pages :
_billustrations (black and white) ;
_c26 cm
336 _atext
_2rdacontent
336 _astill image
_2rdacontent
337 _aunmediated
_2rdamedia
338 _avolume
_2rdacarrier
650 0 _aWorld War, 1914-1918
_vPictorial works.
650 0 _aWorld War, 1914-1918
_xCampaigns
_vPictorial works.
730 0 _aDaily mail (London, England)
942 _2ddc
_cNFIC